| 000 | 01092cpcaa22002897a 4500 | ||
|---|---|---|---|
| 001 | mm 80002328 | ||
| 003 | DLC | ||
| 005 | 20260227111700.0 | ||
| 008 | 800129|||||||||||| eng | ||
| 010 | _amm 80002328 | ||
| 040 |
_aDLC _cDLC _edacs _dDLC |
||
| 072 | 7 |
_aS _2lcmd |
|
| 100 | 1 |
_aWilliamson, Hugh, _d1735-1819. |
|
| 245 | 0 | 0 |
_aHugh Williamson papers, _f1789. |
| 300 |
_a2 _fitems. |
||
| 506 | 0 | _aOpen to research. | |
| 545 | 0 | _aPhysician, delegate to the U.S. Continental Congress and U.S. representative from North Carolina, businessman, and author. | |
| 546 | _aCollection material in English. | ||
| 580 | _aForms part of: Miscellaneous Manuscripts collection. | ||
| 656 | 7 |
_aAuthors. _2itoamc |
|
| 656 | 7 |
_aBusinessmen. _2itoamc |
|
| 656 | 7 |
_aDelegates, U.S. Continental Congress _zNorth Carolina. _2itoamc |
|
| 656 | 7 |
_aPhysicians. _2itoamc |
|
| 656 | 7 |
_aRepresentatives, U.S. Congress _zNorth Carolina. _2itoamc |
|
| 999 |
_c42538 _d42538 |
||